000 00635nam a2200229Ia 4500
001 1944
003 GE_BSU
008 181216s||||||||xx |||||||||||||| ||und||
020 _a9785482015247
040 _cGE_BSU
080 _a347.441(083.2)
100 _aДолженко А.Н. и др.
245 _aСборник договоров с дискетой
250 _aИзд. 2-е, перераб. и. доп.
260 _aМосква
260 _bПроспект
260 _c2007
300 _a232 стр. 21см.
541 _h8л.
653 _aСборник договоров с дискетой
942 _cBK
999 _c36044
_d36044